Представление документа в формате RUSMARC

ПолеНазваниеЗначение
  Тип записи a
  Библиографический уровень m
001 Контрольный номер 7bfe7f568abc4a20b42c45fdc666de6a
005 Дата корректировки 20250910100851.7
010 Индекс ISBN __
a ISBN 978-5-353-11043-9
b Уточнения в пер.
100 Данные общей обработки __
a Данные общей обработки 20250715d 0rusy0189## ca
101 Язык документа 0_
a Язык текста rus
102 Страна публикации __
a Страна публикации RU
200 Заглавие и сведения об ответственности 1_
a Заглавие Тайна кошачьего братства
f Первые сведения об ответственности Евгений Гаглоев
e Сведения, относящиеся к заглавию [роман
e Сведения, относящиеся к заглавию для среднего школьного возраста]
g Последующие сведения об ответственности [худож.: @artovbros]
210 Выходные данные 1_
a Место издания Москва
c Издательство РОСМЭН
d Дата издания 2024
215 Физическое описание __
a Объем 318, [2] с.
c Иллюстрации/тип воспроизводства ил.
225 Серия 2_
a Серия Дарина - разрушительница заклятий
225 Серия 2_
a Серия Мир Санкт-Эринбурга
300 Общие примечания __
a Общие примечания Первая кн. серии "Дарина - разрушительница заклятий"
333 Примечание о целевом назначении __
a Примечание о целевом назначении 12+
517 Другие варианты заглавия 1_
a Другие варианты заглавия Дарина - разрушительница заклятий
606 Тематические рубрики 0_
a Основная рубрика Русская детская литература, 21 в.
610 Ключевые слова 0_
a Ключевые слова фэнтези для подростков; подростки (х. л.); сиротские приюты (х. л.); приключения друзей (х. л.); заклятия (х. л.); волшебные книги (х. л.); говорящие коты (х. л.); подземелья (х. л.); сказочные миры (х. л.); опасные приключения (х. л.)
686 Индексы других классификаций __
a Классификационный индекс Р2
700 Автор _1
a Фамилия Гаглоев
b Имя (инициалы) Е. Ф.
g Полное личное имя Евгений Фронтикович
801 Источник записи _0
a Страна RU
b Организация УОБДЮ
c Дата составления 20250715
g Правила каталогизации RCR
801 Источник записи _1
a Страна RU
b Организация УОБДЮ
c Дата составления 20250715
g Правила каталогизации RCR
830 Общее примечание каталогизатора __
a Текст примечания Д
852 Данные о местонахождении __
i Авторский знак Г 12
j Шифр хранения Р2
900 Электронные ресурсы __
a Имя электронного ресурса 591478
901 Тип документа __
t Тип документа m
905 Данные по созданию БЗ __
b Логин пользователя, который создал БЗ imm
b Логин пользователя, который создал БЗ o8
a Дата создания БЗ 202509
909 Создатель записи __
b Дата создания записи 20250715